000 00520nam a22001697a 4500
003 UA-OsUOA
001 20167
007 ta
008 20041027b un ||||| |||| 00| 0 ukr d
942 _cSA
040 _aUA-OsUOA
_cUA-OsUOA
_dUA-OsUOA
245 _a"Новому життю"- 65!
_b[Здолбунів. район. газ. "Нове життя"- 65]
300 _aС.1
955 _a0
773 0 _w0
_tНове життя
_dЗдолбунів
_d2004
_g№79/80а/9 жовт./
650 7 _aГазети
_2UDC
999 _c306340
_d306340